Statistics for Name the NHL Team's Greatest Player of all Time

Click here to take the quiz!

General Stats

  • This quiz has been taken 159 times
    (131 since last reset)
  • The average score is 24 of 36

Answer Stats

TeamPlayer% Correct
Los Angeles KingsWayne Gretzky
94%
Edmonton OilersWayne Gretzky
94%
Pittsburgh PenguinsMario Lemieux
93%
Boston BruinsBobby Orr
88%
Detroit Red WingsGordie Howe
88%
Colorado AvalancheJoe Sakic
86%
Anaheim DucksTeemu Selänne
86%
Chicago BlackhawksBobby Hull
83%
St. Louis BluesBrett Hull
83%
Washington CapitalsAlexander Ovechkin
78%
Montreal CanadiensMaurice Richard
75%
Minnesota North StarsMike Modano
75%
Dallas StarsMike Modano
75%
Calgary FlamesJarome Iginla
73%
Vancouver CanucksDaniel Sedin
72%
Tampa Bay LightningMartin St. Louis
72%
Arizona CoyotesShane Doan
72%
San Jose SharksJoe Thornton
70%
Columbus Blue JacketsRick Nash
70%
Atlanta ThrashersIlya Kovalchuk
68%
Philadelphia FlyersBobby Clarke
64%
New Jersey DevilsMartin Brodeur
64%
Ottawa SenatorsDaniel Alfredsson
63%
Winnipeg Jets (current)Blake Wheeler
62%
Hartford WhalersRon Francis
60%
Minnesota WildMikko Koivu
56%
New York IslandersDenis Potvin
54%
Carolina HurricanesEric Staal
54%
Vegas Golden KnightsMarc-André Fleury
54%
Buffalo SabresDominik Hašek
52%
Winnipeg Jets (1972-96)Dale Hawerchuk
51%
Quebec NordiquesPeter Šťastný
48%
Florida PanthersRoberto Luongo
47%
Nashville PredatorsShea Weber
42%
Toronto Maple LeafsSyl Apps
17%
New York RangersBill Cook
6%

Score Distribution

Percentile by Number Answered

Percent of People with Each Score

Your Score History

You have not taken this quiz since the last reset